000 00665nas a2200229 4500
001 BR7301854
003 BR-BrBNA
005 20231205082410.0
007 ta
008 230509b bl.|||p| |||| 00| 00por d
040 _aBR-BrBNA
_bpor
_cBiblioteca Nacional de Agricultura
041 _a(Pt)
072 _aQ20
100 1 _aMenezes, T.J.B. de
100 1 _aLeitao, M.F.F.
245 1 _aEstudo comparativo do palmito enlatado [Brasil]
650 _aPALMITO
650 _aENLATADO
773 0 _tColetanea do Instituto de Tecnologia de Alimentos (Brazil)
_x
_g(1967), v. 2 p. 11-22
_wBR7301854
909 _a202311
_bLúcia
_c55
_dLúcia Elande
942 _2AGRIS
_n0
_cANA
999 _c91463
_d91463